A technológiai innovációk szerepe a szállodai részlegek hatékony működésében
| Szerző: | |
|---|---|
| További közreműködők: | |
| Dokumentumtípus: | Diplomadolgozat |
| Kulcsszavak: | innováció szállodaipar technológia turizmus vendégélmény |
| Online Access: | http://dolgozattar.uni-bge.hu/60224 |
MARC
| LEADER | 00000nta a2200000 i 4500 | ||
|---|---|---|---|
| 001 | dolg60224 | ||
| 005 | 20260409150147.0 | ||
| 008 | 260409suuuu hu om 000 hun d | ||
| 040 | |a BGE Dolgozattár Repozitórium |b hun | ||
| 041 | |a hu | ||
| 100 | 1 | |a Cseh Marcell | |
| 245 | 1 | 2 | |a A technológiai innovációk szerepe a szállodai részlegek hatékony működésében |c Cseh Marcell |h [elektronikus dokumentum] |
| 520 | 3 | |a A dolgozat a technológiai innovációk szállodai részlegek működésére gyakorolt hatását vizsgálja. A primer kutatás eredményei alapján a válaszadók többsége pozitívan értékeli a modern technológiák, például az okos szobák és automatizált rendszerek szerepét. Ezek javítják a kommunikációt, növelik a hatékonyságot és a vendégelégedettséget. A fejlesztések elsősorban a frontvonalbeli részlegekben jelennek meg, míg a háttérterületeken még kihasználatlan lehetőségek rejlenek. | |
| 695 | |a innováció | ||
| 695 | |a szállodaipar | ||
| 695 | |a technológia | ||
| 695 | |a turizmus | ||
| 695 | |a vendégélmény | ||
| 700 | 1 | |a Juhász-Dóra Katalin |e ths | |
| 856 | 4 | 0 | |u http://dolgozattar.uni-bge.hu/60224/1/Szakdolgozat_Cseh_Marcell.pdf |z Dokumentum-elérés |
| 856 | 4 | 0 | |u http://dolgozattar.uni-bge.hu/60224/2/Cseh%20Marcell_opponens_Blasko%20Anik%C3%B3.pdf |z Dokumentum-elérés |
| 856 | 4 | 0 | |u http://dolgozattar.uni-bge.hu/60224/3/JDK_Cseh%20Marcell_szakdolgozat%20b%C3%ADr%C3%A1lat.pdf |z Dokumentum-elérés |